Geometry Dash - Levels Derated and Rated Again - Statistics

General Stats
  • This quiz has been taken 25 times
    10 since last reset
  • The average score is 15 of 39
Answer Stats
Publisher Difficulty Answer Original derate reason % Correct
Stilluetto Extreme Demon Khorne Issues caused by high object count
100%
Gablor Extreme Demon kowareta Community backlash
80%
APTeamOfficial Extreme Demon Sonic Wave Infinity Contained a crash trigger
80%
Flukester Extreme Demon Twisted Tranquility Accused of being hack-verified
80%
Smarted Extreme Demon WOBBLING MACHINE Hack-verified & impossible on 60Hz
80%
AlrexX Extreme Demon BYE Hack-verified
60%
CdlAwesomeMe Easy Demon Cosmic dreamer Secret way
60%
Pinecones Easy Forest of Fun Triggered the game's anti-cheat
60%
ItzMika Insane Demon Frozen Jawbreaker Hack-verified
60%
Aless50 Insane Demon I wanna be the guy RobTop "felt bad" about the level's difficulty
60%
weoweoteo Hard Demon Lake of Fire Secret way
60%
Liccho Insane Demon Planet Circles Accused of being hack-verified
60%
DeniPol Extreme Demon PSYCHOPATH Verified with CBF (before it was built-in)
60%
exactteam Extreme Demon EGO KILLING Hack-verified
40%
kaval Hard Demon sharp Tiny length bug
40%
TheRealDarnoc Easy Demon Sky Realm Accidental secret way
40%
R4nz0r "Normal" Smetana Accused of being hack-verified
40%
IcyArchived Extreme Demon The Savannah Citadel Verified with CBF (before it was built-in)
40%
pocke Hard Demon tower descent Triggered the game's anti-cheat
40%
NightThemeGMD Harder arcade Triggered the game's anti-cheat
20%
Janucha Harder August 2020 LDM caused the level to disappear
20%
Noctorin Insane Dubborp Contained questionable art at the end
20%
shebeel22 Hard Energize Unknown
20%
Rabbitical Medium Demon Fly to Next World Tiny length bug
20%
iIFrostIi Insane Hype Blaster Tiny length bug
20%
Jezzel Insane Onset Bugged making the player appear invisible
20%
zSkullgas Hard OsiriS Unknown
20%
Digitalight Insane Demon pointzero Issues caused by high object count
20%
KadziGD Extreme Demon POURING Verified with CBF (before it was built-in)
20%
ShuyGD Hard Punkdemia Unfinished level
20%
NewDubsC Harder SunFlash Stole assets from Rawin's level Sunshine
20%
LakeIsEnby Insane Demon Sunless City Crashed the game on some devices
20%
Rob Buck Medium Demon Supreme Lab A Secret way
20%
CeakGD Harder the AMAZING long way Crashed on mobile devices
20%
DavJT Insane The Challenge Triggered the game's anti-cheat
20%
WizTicFX Easy Demon Ultra Theory Secret way
20%
Dafingus Hard Vegetable Rush Unknown
20%
solerion Hard Vintage Forest  Used the same layout as several other levels
20%
iITechnoDashIi Hard Demon War Of The Worlds Hack-verified
20%
No matching quizzes found
Score Distribution
Percent of People with Each Score
Percentile by Number Answered
Your Score History
You have not taken this quiz since the last reset